| 000 | 00609nam a2200193Ia 4500 | ||
|---|---|---|---|
| 003 | IN-BaIIA | ||
| 008 | 211028s9999 xx 000 0 eng d | ||
| 020 | _a3-540-67073-4 | ||
| 040 | _cIIA Library | ||
| 080 |
_a530.12 _bEIN |
||
| 245 | 0 |
_aEinstein's field equations and their physical implications _cedited by B. G. Schmidt |
|
| 260 |
_aBerlin _bSpringer-Verlag _c2000 |
||
| 300 | _axiii, 433p. | ||
| 490 | _aLecture notes in physics; vol. 540 | ||
| 650 |
_aGeneral relativity _93824 |
||
| 650 | _aRelativity | ||
| 700 |
_aSchmidt, B. G., ed _924069 |
||
| 942 | _cBK | ||
| 999 |
_c13699 _d13699 |
||